№ 1-79; За кадры

Xehetasun bibliografikoak
Parent link:За кадры: газета/ Томский политехнический институт (ТПИ). № 1-79.— , 1931-
Hizkuntza:errusiera
Argitaratua: 1978
Formatua: Liburua
KOHA link:https://koha.lib.tpu.ru/cgi-bin/koha/opac-detail.pl?biblionumber=547350

MARC

LEADER 00000nam2a2200000 4500
001 547350
005 20231101120104.0
035 |a (RuTPU)RU\TPU\prd\239669 
035 |a RU\TPU\prd\234196 
090 |a 547350 
100 |a 20150708a20049999m y0rusy50 ca 
101 0 |a rus 
102 |a RU 
200 0 |a № 1-79 
210 |d 1978 
461 1 |0 (RuTPU)RU\TPU\prd\21853  |t За кадры  |o газета  |v № 1-79  |f Томский политехнический институт (ТПИ)  |d 1931- 
801 0 |a RU  |b 63413507  |c 20010227  |g PSBO 
801 1 |a RU  |b 63413507  |c 20131128 
801 2 |a RU  |b 63413507  |c 20150708  |g RCR 
942 |c BK 
999 |a НТБ_ТПУ  |b НФ  |e -8/20130213  |p П-5971  |u 0,00  |v 1